[Event "IECC CL6-2020.04 email"]
[Site "IECC email"]
[Date "2020.10.27"]
[Round "?"]
[White "Amorrortu Barrenetxe, Peru"]
[Black "Martinez, Jesus"]
[Result "1-0"]
[WhiteElo "1213"]
[BlackElo "1304"]
[PlyCount "83"]
[EventDate "2020.??.??"]
[EventType "tourn (corr)"]
[EventRounds "4"]
[SourceTitle "Corr 2024"]
[Source "ChessBase"]
[SourceDate "2023.10.19"]
[SourceVersion "1"]
[SourceVersionDate "2023.10.19"]
[SourceQuality "1"]
[WhiteTeam "Spanien"]
[BlackTeam "Spanien"]
[WhiteTeamCountry "ESP"]
[BlackTeamCountry "ESP"]

1. d4 d5 2. Nc3 Nf6 3. Nf3 e6 4. Bg5 Nbd7 5. Qd3 Be7 6. Bxf6 Nxf6 7. e4 dxe4 8. Nxe4 Nxe4 9. Qxe4 0-0 10. Bd3 g6 11. 0-0-0 c6 12. h4 Qd5 13. h5 Qxe4 14. Bxe4 Bd7 15. hxg6 hxg6 16. Ne5 Be8 17. Rh3 f5 18. Bd3 Rd8 19. c3 Bg5+ 20. Kc2 Bf6 21. f4 g5 22. Bc4 Rd6 23. fxg5 Bxe5 24. dxe5 Rxd1 25. Bxe6+ Bf7 26. Bxf7+ Kxf7 27. Kxd1 Kg6 28. Ke2 Re8 29. Re3 Kxg5 30. a4 Kf4 31. g3+ Kg4 32. Kf2 Re7 33. a5 Kg5 34. Kf3 Re6 35. b4 Re8 36. c4 b6 37. a6 Rd8 38. e6 Kf6 39. e7 Re8 40. Kf4 c5 41. bxc5 bxc5 42. Re1 1-0